000 00784nam a22002297a 4500
999 _c699
_d699
003 AR-CdUCM
008 190225b ||||| |||| 00| 0 spa d
040 _aMUNICIPALIDAD PROVINCIAL DEL CUSCO
_cBIBLIOTECA MUNICIPAL DEL CUSCO
082 _23ed.
_a869.556 /
_bSE36
100 _aSegura, Manuel Ascensio
_92695
245 _aEl sargento Canuto comedia en un acto :
_b Las tres viudas comedia en tres actos /
260 _aLima :
_bUniverso,
_c1975.
300 _a146 páginas ;
_c17 cm.
440 _aColección autores peruanos.
_n2
_92696
650 _aTeatro peruano
_92697
650 _aLiteratura costumbrista
_92698
650 _aTeatro siglo XIX
_92699
650 _aComedia
_92607
700 _aUgarte Chamorro, Guillermo (prólogo)
_92700
942 _2ddc
_cLIBROS
945 _azta